000 00381nam a2200169Ia 4500
008 230524s9999 xx 000 0 und d
020 _a8188429058
082 _a4.15
_bGOP
100 _aT.V.Gopal
245 0 _aOpen Source Software
250 _a2ND
260 _aCHENNAI
_bScitech
_c2003
300 _a62
500 _aQuantity Number: 2
650 _aComp-Sc
942 _cBK
999 _c18538
_d18538